DTM Fahrer 2017 - Statistiken

Allgemein
  • Dieses Quiz wurde 5 mal gespielt
  • Das Durchschnittsergebnis liegt bei 14 aus 18
Antwortstatistiken
Team Nummer Marke Nation Fahrer % Korrekt
BMW Team RMG 15 BMW Brasilien Augusto Farfus
100%
BMW Team RBM 7 BMW Kanada Bruno Spengler
100%
Mercedes-AMG DTM Team HWA 2 Mercedes Großbritannien Gary Paffett
100%
Mercedes-AMG DTM Team HWA 22 Mercedes Österreich Lucas Auer
100%
BMW Team RMG 11 BMW Deutschland Marco Wittmann
100%
Audi Sport Team Abt Sportsline 5 Audi Schweden Mattias Ekström
100%
Audi Sport Team Phoenix 99 Audi Deutschland Mike Rockenfeller
100%
Mercedes-AMG DTM Team HWA 3 Mercedes Großbritannien Paul di Resta
100%
Audi Sport Team Rosberg 33 Audi Deutschland Rene Rast
100%
Audi Sport Team Rosberg 53 Audi Großbritannien Jamie Green
67%
Mercedes-AMG DTM Team HWA 63 Mercedes Deutschland Maro Engel
67%
BMW Team RBM 36 BMW Belgien Maxime Martin
67%
Audi Sport Team Abt Sportsline 51 Audi Schweiz Nico Müller
67%
BMW Team RMG 16 BMW Deutschland Timo Glock
67%
Mercedes-AMG DTM Team HWA 48 Mercedes Italien Edoardo Mortara
33%
Audi Sport Team Phoenix 77 Audi Frankreich Loic Duval
33%
Mercedes-AMG DTM Team HWA 6 Mercedes Kanada Robert Wickens
33%
BMW Team RBM 31 BMW Großbritannien Tom Blomqvist
33%
Keine übereinstimmenden Quizze gefunden
Verteilung der Resultate
Anzahl Personen mit jedem Resultat
Perzentil nach korrekt beantworteten Fragen
Ihre Resultats-Entwicklung
Sie haben dieses Quiz noch nicht gespielt